00753nam a2200181 a 450000100100000000500170001000800410002704000250006810000270009324501510012026000390027130000320031050000570034270000410039904900090044095201050044999900170055400002735020200930030754.0110331s2002 dr a 000 0 spa d aDO-SdBNPbspacBNPHU1 aCorrea, Vicente92297010aCrónicas del doctor Correa :bvivencias y anécdotas de un médico en el campo y la ciudad /cVicente Correa ; prólogo Armando Almánzar R. aSanto Domingo :bMediabyte,c2002. a248 p. :. :bils. ;c24 cm. aIncluye datos biográficos del autor en las solapas1 aAlmánzar, Armando,epról.937880 aBNPD 0010718PDaPDbPDcCTd2011-03-31iLF1l0o p27350-10r2020-06-25w2020-06-25yLFPDZNo se presta c26842d26842